Report of the President's Commission on the Assassination of President John F. Kennedy (Record no. 3517)
[ view plain ]
| 000 -LEADER | |
|---|---|
| fixed length control field | 00333nam a22001217a 4500 |
| 008 - FIXED-LENGTH DATA ELEMENTS--GENERAL INFORMATION | |
| fixed length control field | 230703b xxu||||| |||| 00| 0 eng d |
| 082 ## - DEWEY DECIMAL CLASSIFICATION NUMBER | |
| Classification number | 345.05 |
| Item number | COM |
| 100 ## - MAIN ENTRY--PERSONAL NAME | |
| Titles and words associated with a name | COM |
| 245 ## - TITLE STATEMENT | |
| Title | Report of the President's Commission on the Assassination of President John F. Kennedy |
| 260 ## - PUBLICATION, DISTRIBUTION, ETC. (IMPRINT) | |
| Place of publication, distribution, etc. | Washington |
| Name of publisher, distributor, etc. | US |
| 300 ## - PHYSICAL DESCRIPTION | |
| Extent | 888p |
| 942 ## - ADDED ENTRY ELEMENTS (KOHA) | |
| Source of classification or shelving scheme | Dewey Decimal Classification |
| Koha item type | Books |
| Withdrawn status | Lost status | Source of classification or shelving scheme | Damaged status | Not for loan | Home library | Current library | Date acquired | Total Checkouts | Full call number | Barcode | Date last seen | Price effective from | Koha item type |
|---|---|---|---|---|---|---|---|---|---|---|---|---|---|
| Dewey Decimal Classification | County Hall Archives | County Hall Archives | 07/03/2023 | 345.05 COM | 10001472 | 07/03/2023 | 07/03/2023 | Books |
